Pritzker architecture prize laureates - Statistics

General Stats
  • This quiz has been taken 413 times
    62 since last reset
  • The average score is 17 of 52
Answer Stats
YearSpsin Nationality Answer % Correct
2004 Iraq / United Kingdom Zaha Hadid
90%
1989 Canada / United States Frank Gehry
86%
1998 Italy Renzo Piano
67%
1999 United Kingdom Norman Foster
62%
1988 Brazil Oscar Niemeyer
62%
1995 Japan Tadao Ando
57%
1980 Mexico Luis Barragán
48%
2022 Burkina Faso Diébédo Francis Kéré
43%
2001 Switzerland Herzog & de Meuron (Jacques Herzog, Pierre de Meuron)
43%
1983 United States Ieoh Ming Pei
43%
1990 Italy Aldo Rossi
38%
2008 France Jean Nouvel
38%
2009 Switzerland Peter Zumthor
38%
1979 United States Philip Johnson
38%
2000 Netherlands Rem Koolhaas
38%
2007 United Kingdom Richard Rogers
38%
1992 Portugal Álvaro Siza
33%
2021 France Anne Lacaton
33%
2023 United Kingdom David Chipperfield
33%
2015 Germany Frei Otto
33%
2021 France Jean-Philippe Vassal
33%
2003 Denmark Jørn Utzon
33%
2010 Japan Kazuyo Sejima (SANAA)
33%
1987 Japan Kenzō Tange
33%
2010 Japan Ryue Nishizawa (SANAA)
33%
2014 Japan Shigeru Ban
33%
2013 Japan Toyo Ito
33%
2016 Chile Alejandro Aravena
29%
1996 Spain Rafael Moneo
29%
1991 United States Robert Venturi
29%
2018 India Balkrishna Doshi
24%
2011 Portugal Eduardo Souto de Moura
24%
2006 Brazil Paulo Mendes da Rocha
24%
2024 Japan Riken Yamamoto
24%
1997 Norway Sverre Fehn
24%
2012 China Wang Shu
24%
2019 Japan Arata Isozaki
19%
2017 Spain Carme Pigem (RCR Arquitectes)
19%
1993 Japan Fumihiko Maki
19%
1986 Germany Gottfried Böhm
19%
1982 Ireland / United States Kevin Roche
19%
2017 Spain Rafael Aranda (RCR Arquitectes)
19%
2017 Spain Ramón Vilalta (RCR Arquitectes)
19%
1984 United States Richard Meier
19%
2020 Ireland Shelley McNamara
19%
1994 France Christian de Portzamparc
14%
1988 United States Gordon Bunshaft
14%
1985 Austria Hans Hollein
14%
1981 United Kingdom James Stirling
14%
2005 United States Thom Mayne
14%
2002 Australia Glenn Murcutt
10%
2020 Ireland Yvonne Farrell
10%
No matching quizzes found
Score Distribution
Percent of People with Each Score
Percentile by Number Answered
Your Score History
You have not taken this quiz since the last reset